000 00875cab a2200253 4500
001 WB3014-30
008 090401t1994 xxu||||| |||| 00| 0 eng d
035 _a(Sirsi) u24068
041 _aeng
245 _aAffordable housing
260 _c1994
350 _a0
490 _aDoE News Release
_v(228) 29 March 1994 (2)
520 _aThe Planning Minister has congratulated local authorities on adopting planning policies for the provision of affordable housing following publication of a research report "Planning for affordable housing" by the Policy Studies Institute.
650 _aAffordable housing
_96215
650 _aCENTRE FOR LEGAL STUDIES
650 _aPLANNING POLICY
650 _aPORTLAND PLANNING CONSULTANTS
650 _aUNIVERSITY OF SUSSEX
690 _aHOUSING
690 _aPLANNING LAW AND PRACTICE
942 _n0
948 _c04/03/1997
999 _c16120
_d16120